000 00513nam a2200157 a 4500
001 000033481
005 20200930070305.0
008 110830s1983 dr r 000 0 spa d
040 _aDO-SdBNP
_bspa
_cBNPHU
082 _axxxx
_bA473p
100 1 _aÁlvarez Vega, Bienvenido
_927120
245 1 0 _aPrensa escrita y estructura de poder en la República Dominicana /
_cBienvenido Álvarez Vega.
260 _aSanto Domingo :
_bALFA Y Omega,
_c1983.
300 _a218 p. ;
_c23 cm.
504 _aBibliografía : p. 215-218
999 _c32972
_d32972